| 000 | 00642nam a2200193 i 4500 | ||
|---|---|---|---|
| 001 | 33559 | ||
| 003 | ES-MaACL | ||
| 005 | 20230906154758.0 | ||
| 007 | t| | ||
| 008 | 030202s1964 sp ||||1| spa d | ||
| 100 | 1 |
_aBird, R. Byron. _928966 |
|
| 245 | 1 | 0 |
_aFenómenos de transporte / _cR. Byron Bird, Warren E. Stewart, Edwin W. Lightfoot ; [versión Fidel Mato Vázquez]. |
| 260 |
_aBarcelona, etc. : _bReverte, _c1964. |
||
| 300 |
_aXX, 22-30, A-71 p. : _bil. ; _c22 cm. |
||
| 700 | 1 |
_aStewart, Warren E. _9108194 |
|
| 700 | 1 |
_aLightfoot, Edwin W. _972270 |
|
| 700 | 1 |
_aMato Vázquez, Fidel. _979089 |
|
| 852 |
_aES-MaACL _jG-764 _bR.56183 |
||
| 999 |
_c33559 _d33559 |
||